| 000 | 01329nam a2200253 a 4500 | ||
|---|---|---|---|
| 001 | BRCA_8516 | ||
| 003 | FranzMayer | ||
| 005 | 20230724112938.0 | ||
| 008 | 190816s1784----sp-#######---#000-0#spa-# | ||
| 040 |
_aMFM _besp _cMFM |
||
| 041 | _aspa | ||
| 044 | _asp | ||
| 084 |
_aBE21 _b.P68 1784 |
||
| 100 | 1 |
_aPouget, Francisco Amado _921361 |
|
| 245 | 1 | 0 |
_aInstrucciones generales en forma de catecismo _ben las quales, por la sagrada escritura y la tradición, se explican en compendio la historia y los dogmas de la religión, la moral christiana, los sacramentos, la oración, las ceremonias y usos de la iglesia. Con dos catecismos abreviados para uso de los niños _cescritas en francés por el P. Francisco Amado Pouget. |
| 260 |
_aMadrid _bLa Imprenta Real _c1784 |
||
| 300 |
_a[4], xxxii, [40], 301 p. (t.1) _c20.5 x 14 cm. |
||
| 500 | _aEn portada : Traducidas ahora nuevamente en castellano sobre la edición original del año de 1702, con acuerdo del Excmo. Sr. D. Francisco Antonio Lorenzana, Arzobispo de Toledo, Primado de las Españas : P. F. M. por Abreu, D. Francisco Antonio de Escartin y Carrera | ||
| 500 | _aEstado físico : encuadernación manchada y deteriorada | ||
| 650 | 1 | 4 |
_aCatecismos, españoles _921362 |
| 650 | 1 | 4 |
_aIglesia católica _xCatecismos y credos _921363 |
| 902 | _aCFM | ||
| 942 |
_2lcc _cB |
||
| 999 |
_c8182 _d8182 |
||